000 00846nam a2200133Ia 4500
008 171212s9999 xx 000 0 und d
020 _a9780833053268
100 _aMoore, Nancy Y.;Cox, Amy G.;Grammich, Clifford A.;Mele, Judith D.
245 _cMoore, Nancy Y.;Cox, Amy G.;Grammich, Clifford A.;Mele, Judith D.
_aAssessing the Impact of Requiring Justification and Approval Review for Sole Source 8(a) Native American Contracts in Excess of
_20 Million
260 _bRAND Corporation
_c2012
650 _aEconomics
650 _aPublic contracts -- United States -- Evaluation; Indian business enterprises -- Law and legislation -- United States; Federal aid to small business -- United States; Indians of North America -- Legal status, laws, etc.; Minority business enterprises -- La
856 _uhttp://www.jstor.org/stable/10.7249/j.ctt5hhvsv
999 _c351759
_d351759